Missing Word: TV LA - LZ Quiz Stats

 Plays Quiz Updated Aug 16, 2019

Score 0/25 Timer 04:00
2 Plays Today
TV Show Answer % Correct
Law & ___ (O)Order
97.9%
Life as We Know ___ (I)It
97.6%
(The) Last Man on ___ (E)Earth
97.2%
Las ___ (V)Vegas
97%
(The) Lone ___ (R)Ranger
96.7%
Life on ___ (M)Mars
96.2%
Love Thy ___ (N)Neighbor
95.4%
Little House on the ___ (P)Prairie
95.3%
Late Night with Jimmy ___ (F)Fallon
94%
(The) Legend of Calamity ___ (J)Jane
92.9%
Life Below ___ (Z)Zero
92.7%
Leave It to ___ (B)Beaver
92.2%
Laverne & ___ (S)Shirley
90.9%
TV Show Answer % Correct
(The) Life and Times of Grizzly ___ (A)Adams
90.7%
Listen ___ (U)Up
89.7%
Lewis & ___ (C)Clark
87.5%
Legion of Super ___ (H)Heroes
82.5%
Land of the ___ (L)Lost
77.5%
Land of the ___ (G)Giants
69.5%
Legend ___ (Q)Quest
54.6%
Line of ___ (D)Duty
45.1%
Last of the Summer ___ (W)Wine
36.7%
(The) Lawless ___ (Y)Years
34.8%
Lazy ___ (T)Town
27%
(The) Legend of ___ (K)Korra
14.5%

Today's Daily Dose

Missing Word
Banned Books (A-Z)

Word Ladder
Janis Joplin

Get the Picture
Occupations

You're not logged in!

Compare scores with friends on all Sporcle quizzes.
OR
Log In

Sporcle TV

Today on Sporcle TV


Watch our educational content, quiz creation guides, and fun videos on Sporcle TV.

Show Comments

Extras

Top Quizzes Today


Score Distribution

Your Account Isn't Verified!

In order to create a playlist on Sporcle, you need to verify the email address you used during registration. Go to your Sporcle Settings to finish the process.

Report this User

Report this user for behavior that violates our Community Guidelines.

Details: